Предварительная смета на устройство осушительных каналов в Радовельской казенной даче Волынской губернии на 1903 год и ведомости...

Доступно только в Электронных читальных залах Найти на картеНа карте
RUSMARC
00003836nmc2a22002413x 450
001f7bef2b2-b735-49ef-94f3-89d0a6beebf7
00520210511143526.0
100##$a20210125l19021903k l0rusy0189 ca
1010#$arus
102##$aRU
105##$ay###
1222#$ad
2001#$aПредварительная смета на устройство осушительных каналов в Радовельской казенной даче Волынской губернии на 1903 год и ведомости оросительных и осушительных каналов в различных дачах Полтавской и Волынской губерний
$j1902-1903 гг.
215##$a15 л.
$d36,5х26 см
251##$cДело
300##$aДело
371##$aДокумент не является опубликованным и широко распространяемым
461#0$1001a9dcd51c-c252-454c-aea9-eaf7a800c266
$12001
$aПереписка по ходатайству крестьян деревни Петропавловской Богородской волости Верейского уезда Московской губернии об осушении их земель
$1251
$cДело
$1852
$j501
462#0$10013a02340e-e572-4ee5-9169-9b29c64f7ce0
$12001
$aОтдел земельных улучшений Министерства земледелия
$1251
$cОпись
$1852
$j2
801#0$aRU
$bРГИА
$c20210125
$gRCR
801#1$aRU
$bГлавНИВЦ
$c20210125
$2rusmarc
801#2$aRU
$bПБ им. Б.Н. Ельцина
$c20210511
$gRCR
$2rusmarc
850##$aРГИА
852##$aРГИА
$eФедеральное казенное учреждение "Российский государственный исторический архив" (РГИА)
$j336
937##$hРГИА
$d12359191
$aASBIBLIO_SCAN
035##$aRusGRCC00020423
856##$uhttp://readingroom.main.prlib.ru/item.aspx?id_node=n164152192&mode=full
Формат отображения